000 00474nam a2200193Ia 4500
003 OSt
005 20260131103013.0
008 250729s1963 xx 000 0 und d
040 _cAL
041 _aeng
082 _a320 NICU
100 _aNicholas H G
_9228174
245 _aThe united nations:as a political institutuion,2nd ed
260 _aNew York
_c1963
300 _a232p
650 _aHistory
_9228175
700 _aNio Digumurthi
_9228176
942 _2ddc
_cBED
999 _c237909
_d237909